:الرباط المقدس (Record no. 12355)
[ view plain ]
| 000 -LEADER | |
|---|---|
| fixed length control field | 00375nam a22001217a 4500 |
| 008 - FIXED-LENGTH DATA ELEMENTS--GENERAL INFORMATION | |
| fixed length control field | 090712t xxu||||| |||| 00| 0 eng d |
| 020 ## - INTERNATIONAL STANDARD BOOK NUMBER | |
| International Standard Book Number | 9770913731 |
| 082 ## - DEWEY DECIMAL CLASSIFICATION NUMBER | |
| Classification number | 813.962 |
| Item number | ح ك ى |
| 245 ## - TITLE STATEMENT | |
| Title | :الرباط المقدس |
| Remainder of title | / رواية |
| Statement of responsibility, etc | توفيق الحكيم. |
| 260 ## - PUBLICATION, DISTRIBUTION, ETC. (IMPRINT) | |
| Place of publication, distribution, etc | القاهرة : |
| Name of publisher, distributor, etc | دار الشروق ، |
| Date of publication, distribution, etc | 2006. |
| 300 ## - PHYSICAL DESCRIPTION | |
| Extent | 246؛ ص |
| Dimensions | 15 سم. |
| 942 ## - ADDED ENTRY ELEMENTS (KOHA) | |
| Source of classification or shelving scheme | Dewey Decimal Classification |
| Item type | Book - Borrowing |
| Withdrawn status | Item status | Source of classification or shelving scheme | Damaged status | Not for loan | Vendor | Home library | Current library | Shelving location | Date acquired | Source of acquisition | Total Checkouts | Total Renewals | Full call number | Barcode | Checked out | Date last seen | Date last borrowed | Koha item type | Materials specified (bound volume or other part) |
|---|---|---|---|---|---|---|---|---|---|---|---|---|---|---|---|---|---|---|---|
| Dewey Decimal Classification | Alef-Baa | Central Library | Central Library | Second Floor | 14/07/2009 | 11 | 29 | 813.962 ح ك ي | 000017168 | 20/09/2025 | 17/02/2020 | 17/02/2020 | Book - Borrowing | ||||||
| Lost | Dewey Decimal Classification | Alef-Baa | Central Library | Central Library | Second Floor | 14/07/2009 | 813.962 ح ك ي | 000017167 | 14/07/2009 | Book - Borrowing | Lost In Inventory_2015-8-23 |